The voice of technology : Soviet cinema's transition to sound, 1928-1935 /

Bibliographic Details
Main Author: Kaganovsky, Lilya
Format: Book
Language:English
Published: Bloomington : Indiana University Press, [2018]
Subjects:

MARC

Tag First Indicator Second Indicator Subfields
LEADER 00000cam a2200000 4500
001 in00003964421
005 20180718085612.0
008 171108t20182018inu 000 0 eng d
020 |a 025303504X 
020 |a 9780253035042 
020 |a 9780253032645 
020 |a 0253032644 
020 |a 9780253032652 
020 |a 0253032652 
035 |a (OCoLC)on1007083608 
040 |a YDX  |e rda  |c YDX  |d COO  |d STF  |d UtOrBLW 
043 |a e-ur--- 
049 |a TXAM 
050 4 |a PN1993.5.R9  |b K34 2018 
082 0 |a 791.430947  |2 23 
100 1 |a Kaganovsky, Lilya.  |0 http://id.loc.gov/authorities/names/n2008025156 
245 1 4 |a The voice of technology :  |b Soviet cinema's transition to sound, 1928-1935 /  |c Lilya Kaganovsky. 
264 1 |a Bloomington :  |b Indiana University Press,  |c [2018] 
264 4 |c ©2018 
300 |a xix, 271 pages :  |b illustrations ;  |c 24 cm. 
336 |a text  |b txt  |2 rdacontent 
337 |a unmediated  |b n  |2 rdamedia 
338 |a volume  |b nc  |2 rdacarrier 
504 |a Includes bibliographical references (pages 243-255) and index. 
650 0 |a Motion pictures  |z Soviet Union.  |0 http://id.loc.gov/authorities/subjects/sh2005003641 
650 0 |a Motion picture industry  |z Soviet Union. 
650 0 |a Sound in motion pictures.  |0 http://id.loc.gov/authorities/subjects/sh2006007387 
650 0 |a Motion pictures  |x Political aspects  |z Soviet Union.  |0 http://id.loc.gov/authorities/subjects/sh2010102549 
650 0 |a Nationalism in motion pictures.  |0 http://id.loc.gov/authorities/subjects/sh95005642 
945 |b 518731 
947 |a A14850539322 
948 |a cataloged  |b h  |c 2018/4/20  |d c  |e dmitchel  |f 3:30:30 pm 
994 |a C0  |b TXA 
999 f f |s f9602a62-9a0e-3904-b392-d6ba9eee67c8  |i 60fde9c6-d469-395c-9cd7-8434b857de93  |t 0 
952 f f |p normal  |a Texas A&M University  |b College Station  |c Sterling C. Evans Library  |d Evans: Library Stacks  |t 0  |e PN1993.5.R9 K34 2018  |h Library of Congress classification  |i unmediated -- volume  |m A14850539322 
998 f f |a PN1993.5.R9 K34 2018  |t 0  |l Evans: Library Stacks